000 01092nam0a22003011 4500
001 v19\rc\1677970
005 20260406085754.0
035 _a(NLR Aleph) 004784402
090 _a4686542
_c4686542
100 _a20061002e18941894|||y0rusy50 ca
101 0 _arus
102 _aRU
105 _ay z |||a|
200 1 _aМой бедный цветок
_eРассказ
_fЗ.Ю. Яковлева
210 _aСанкт-Петербург
_cтип. С. Добродеева
_d1894
215 _a[2], 16 с.
_d16
311 _aОтт. из журн. "Живопис. обозрение". 1894, № 23
488 0 _12001#$aЖивописное обозрение$v1894, № 23
_tЖивописное обозрение
700 1 _7ca
_8rus
_aЯковлева
_bЗ. Ю.
_cписатель
_f1862-1908
_gЗоя Юлиановна
_3RU\NLR\AUTH\770280353
_92652320
801 0 _aRU
_bNLR
_gpsbo
801 0 _aRU
_bRuMoRGB
_2psbo
801 1 _aRU
_bProSoft-M
_2rusmarc
852 _aNLR
_j18.259.8.252
899 _aRuMoRGB
_jA 227/1191
899 _aБАН
942 _cBOOK
980 _aNB